000 00783nam a22002297a 4500
005 20240530110459.0
008 150622s2005 ua g 000 edara d
017 _a2005/22375
_bمصر . دار الكتب المصرية
020 _a9773990494
040 _aEG-CaGPL
082 0 4 _221
_a818.02\
_bع ش
100 0 _aعمر طاهر
245 1 0 _aشكلها باظت :
_bالبوم اجتماعى ساخر /
_cعمر طاهر
250 _aط15
260 _aالقاهرة :
_bاطلس للنشر و الانتاج الاعلامى ،
_c2005 .
300 _a205 ص ؛
_c19 سم .
650 0 4 _aالادب العربى
650 0 4 _aالمقالات العربية
650 0 4 _aالادب الساخر
942 _2ddc
_cBK
999 _c61438
_d61438